Szczegóły MARC21

Zarządzanie szkołą wyższą : dylematy i wyzwania /

003 -Nazwa inst., której nr kontr. jest w polu 001 [,]
    • @
    • Nazwa instytucji, której n kontrolny jest w polu 001
    • NUKAT
005 -DATA I CZAS OSTATNIEJ MODYFIKACJI [,]
    • @
    • pole kontrolne
    • 20241231105215.0
020 -Międzynarod. znormalizowany nr książki - ISBN [ , ]
    • a
    • Numer ISBN
    • 9788361712800 Find
    • q
    • Dopowiedzenie
    • WSB
020 -Międzynarod. znormalizowany nr książki - ISBN [ , ]
    • a
    • Numer ISBN
    • 9788375564211 Find
    • q
    • Dopowiedzenie
    • CeDeWu
040 -Instytucja sporządzająca opis [ , ]
    • a
    • Instytucja, która sporządziła opis (NP)
    • WR U/MW
    • c
    • Instytucja, która sporządziła rekord (NP)
    • WR U/MW
    • d
    • Instytucja, która zmodyfikowała rekord (P)
    • WR U/MWs
    • d
    • Instytucja, która zmodyfikowała rekord (P)
    • WR U/hb
041 -Język dokumentu [0, ]
    • a
    • Język tekstu (P)
    • polski
    • b
    • Język streszczeń lub abstraktu (P)
    • angielski
942 -Rodzaj dokumentu [ , ]
    • c
    • Rodzaj dokumentu
    • Książka
245 -Strefa tytułu i oznaczenia odpowiedzialności [0,0]
    • a
    • Tytuł
    • Zarządzanie szkołą wyższą : Find
    • b
    • Ciąg dalszy tytułu (NP)
    • dylematy i wyzwania / Find
    • c
    • Pozostałe elementy strefy tytułu i oznaczenia odpowiedzialności (NP)
    • red. nauk. Janusz Dworak, Jacek Jaworski.
260 -Strefa adresu wydawniczego [ , ]
    • a
    • Miejsce wydania (P)
    • Gdańsk :
    • b
    • Nazwa wydawcy (P)
    • Wyższa Szkoła Bankowa ;
    • a
    • Miejsce wydania (P)
    • Warszawa :
    • b
    • Nazwa wydawcy (P)
    • CeDeWu,
    • c
    • Data wydania (P)
    • 2011.
300 -Strefa opisu fizycznego [ , ]
    • a
    • Określenie formy książki i/lub objętość (NP)
    • 385 s. :
    • b
    • Oznaczenie ilustracji (NP)
    • il. ;
    • c
    • Format (NP)
    • 24 cm.
336 -Typ zawartości [ , ]
    • a
    • Termin opisujący typ zawartości
    • Tekst
    • b
    • Kod określający zawartość
    • txt
    • 2
    • Źródło (terminu i kodu)
    • rdacontent
337 -Typ mediów [ , ]
    • a
    • Tryb odtwarzania
    • Bez urządzenia pośredniczącego
    • b
    • Kod typu mediów
    • n
    • 2
    • Źródło (terminu i kodu)
    • rdamedia
338 -Typ/rodzaj nośnika [ , ]
    • a
    • Hasło opisujące typ nośnika
    • Wolumin
    • b
    • Kod typu nośnika
    • nc
    • 2
    • Źródło (terminu i kodu)
    • rdacarrier
490 -Strefa serii i książki wielotomowej - forma nie do wyszukiwania [1, ]
    • a
    • Tytuł (P)
    • Prace Naukowe Wyższej Szkoły Bankowej w Gdańsku, Find
    • x
    • ISSN (NP)
    • 1899-9867 ;
    • v
    • Numeracja (P)
    • t. 14
830 -Hasło dodatkowe serii i opisu książki wielotomowej - tytuł ujednolicony/tytuł [ ,0]
    • a
    • Tytuł ujednolicony/tytuł (NP)
    • Prace Naukowe Wyższej Szkoły Bankowej w Gdańsku
    • x
    • ISSN
    • 1899-9867
    • v
    • Oznaczenie tomu (NP)
    • t. 14
    • 9
    • KHW
    • 920
504 -Uwaga dot. bibliogr. załącznikowej [ , ]
    • a
    • Uwaga dot. bibliografii załącznikowej
    • Bibliogr. przy rozdz.
546 -Uwaga dot. języka [ , ]
    • a
    • Uwaga dot. języka
    • Streszcz. rozdz. w jęz. ang.
080 -Uniwersalna Klasyfikacja Dziesiętna [ , ]
    • 2
    • Identyfikator wydania tablic
    • UDC-P058
    • 9
    • UKD
    • 3946
    • a
    • Symbol klasyfikacji
    • 378.091
    • b
    • Dopowiedzenie
    • Organizacja szkolnictwa wyższego.
    • 4
    • UKD2
    • 7642
    • x
    • Poddział wspólny
    • (438)
    • c
    • Dopowiedzenie poddz. wspólnego
    • (Polska).
    • 4
    • UKD2
    • 8220
    • x
    • Poddział wspólny
    • "20"
    • c
    • Dopowiedzenie poddz. wspólnego
    • Wiek XXI.
080 -Uniwersalna Klasyfikacja Dziesiętna [ , ]
    • 2
    • Identyfikator wydania tablic
    • UDC-P058
    • 9
    • UKD
    • 3862
    • a
    • Symbol klasyfikacji
    • 37.07
    • b
    • Dopowiedzenie
    • Zarządzanie placówkami oświatowymi. Administracja szkolna. Stosunki z innymi instytucjami.
    • 4
    • UKD2
    • 7642
    • x
    • Poddział wspólny
    • (438)
    • c
    • Dopowiedzenie poddz. wspólnego
    • (Polska).
    • 4
    • UKD2
    • 8220
    • x
    • Poddział wspólny
    • "20"
    • c
    • Dopowiedzenie poddz. wspólnego
    • Wiek XXI.
650 -Hasło przedmiotowe [ ,7]
    • a
    • Hasło przedmiotowe
    • Uniwersytety i uczelnie
    • x
    • Określnik rzeczowy
    • zarządzanie.
    • 2
    • Źródło terminu
    • kaba
    • 9
    • KHW
    • 364930
980 -Symbol UKD [ , ]
    • a
    • UKD
    • 378.091:37.07](438)"20"
700 -Hasło dodatkowe - nazwa osobowa [1, ]
    • a
    • Nazwa osobowa (NP)
    • Dworak, Janusz. Find
    • e
    • Określenie rodzaju współpracy
    • Red.
    • 9
    • KHW
    • 9288
700 -Hasło dodatkowe - nazwa osobowa [1, ]
    • a
    • Nazwa osobowa (NP)
    • Jaworski, Jacek Find
    • c
    • Dopowiedzenie inne niż daty biograficzne (NP)
    • (zarządzanie).
    • e
    • Określenie rodzaju współpracy
    • Red.
    • 9
    • KHW
    • 916
920 -ISBN [ , ]
    • a
    • ISBN
    • 978-83-61712-80-0 Find
    • q
    • Dopowiedzenie
    • WSB
920 -ISBN [ , ]
    • a
    • ISBN
    • 978-83-7556-421-1 Find
    • q
    • Dopowiedzenie
    • CeDeWu
Lokalizacja Data inwentaryzacji Status udost. Numer inwentarzowy Sygnatura
T2013-11-04-2T.13277 
T2014-11-24-2TM.11680TM.11680